000 00843nam a2200253 i 4500
003 DO-SdBNP
005 20240920095813.0
007 ta
008 240920b2024 dr c|||| |||| 00| 0 spa d
020 _a9789945654462
040 _aDO-SdBNP
_bspa
_cBNPHU
_erda
100 1 _aRodríguez, Julio,
_eautor
_4aut.
_986627
245 1 0 _aSociedad encantada /
_cJulio Rodríguez ; prólogo, Luis Feliciano
264 4 _aSanto Domingo :
_bEditora Santuario,
_c2024.
300 _a117 páginas :
_bretratos ;
_c24 cm.
336 _atexto
_btxt
_2rdacontent
337 _asin mediación
_bn
_2rdamedia
338 _avolumen
_bnc
_2rdacarrier
500 _aIncluye referencias bibliográficas y notas al pie de las páginas
590 _aInventariado, 2024/BT
700 1 _aFeliciano, Luis,
_eprólogo
_4pr.
_986628
910 _aBtavárez
942 _2ddc
_cLBS1
999 _c57730
_d57730